| 000 | 01070nam a22002777a 4500 | ||
|---|---|---|---|
| 001 | 9012 | ||
| 003 | FISKH | ||
| 005 | 20260312095109.0 | ||
| 008 | 251114b cb ||||| |||| 00| 0 eng d | ||
| 020 | _a9781407142944 | ||
| 040 |
_aFISKH _beng _cFISKH _dFISKH |
||
| 050 | _aPZ7 | ||
| 082 | _a823.92 | ||
| 100 |
_aZucker, Jonny _eAuthor |
||
| 245 |
_aThe fleas who fight crime : _bLittle red Robin / _cJonny Zucker ; Illustrated by Chris Jevons |
||
| 260 |
_aLondon : _bScholastic Children's Books , _c2014 |
||
| 300 |
_a44 pages : _bcolor illustrations ; _c19 cm |
||
| 505 | _aP | ||
| 520 | _aGet ready to read! LITTLE RED ROBINS are ideal for sharing and reading together. Full colour illustrations throughout. Buzz and Itch are fleas. They both want to be insect detectives and catch insect criminals. So when they team up, the baddies of Larva Town had better watch out! | ||
| 521 | 8 |
_a630
_bLexile |
|
| 521 | 8 |
_aP
_bRaz-Plus |
|
| 650 |
_aInsect criminals _vDetective |
||
| 700 |
_aJevons, Chris _eIllustrator |
||
| 942 |
_2ddc _cBK _n0 |
||
| 999 |
_c9012 _d9012 |
||